| 000 | 00584cam a2200145 4500500 | ||
|---|---|---|---|
| 005 | 20260208002342.0 | ||
| 041 | _afre | ||
| 042 | _adc | ||
| 100 | 1 | 0 |
_aDelmas, Corinne _eauthor |
| 245 | 0 | 0 | _aNathalie Heinich et Jean-Marie Schaeffer, Art, création, fiction: entre sociologie et philosophie, Nîmes, Jacqueline Chambon, 2004, 217 p., notes bibliogr. («Rayon art») |
| 260 | _c2005. | ||
| 500 | _a90 | ||
| 786 | 0 | _nL'Homme | 175-176 | 3 | 2005-07-01 | p. 475a-572a | 0439-4216 | |
| 856 | 4 | 1 | _uhttps://shs.cairn.info/revue-l-homme-2005-3-page-475a?lang=fr&redirect-ssocas=7080 |
| 999 |
_c1645970 _d1645970 |
||